[Event "UKR-ch (Women) 75th"]
[Site "Odessa"]
[Date "2006.12.02"]
[Round "7"]
[White "Vozovic, Oksana"]
[Black "Arutyunova, Diana"]
[Result "1/2-1/2"]
[WhiteElo "2352"]
[BlackElo "2362"]
[PlyCount "20"]
[EventDate "2006.11.24"]
[EventType "tourn"]
[EventRounds "11"]
[EventCountry "UKR"]
[EventCategory "4"]
[SourceTitle "CBM 115 Extra"]
[Source "ChessBase"]
[SourceDate "2007.01.10"]
[SourceVersion "1"]
[SourceVersionDate "2007.01.10"]
[SourceQuality "1"]

1. f4 e5 2. e4 d5 3. exd5 exf4 4. Nf3 Nf6 5. Bc4 Be7 6. Nc3 Nbd7 7. d4 Nb6 8. Bb3 Nbxd5 9. Nxd5 Nxd5 10. Bxd5 Qxd5 1/2-1/2

[Event "UKR-ch (Women) 75th"]
[Site "Odessa"]
[Date "2006.11.29"]
[Round "4"]
[White "Ivanova, Svetlana"]
[Black "Vozovic, Oksana"]
[Result "1/2-1/2"]
[WhiteElo "2228"]
[BlackElo "2352"]
[PlyCount "40"]
[EventDate "2006.11.24"]
[EventType "tourn"]
[EventRounds "11"]
[EventCountry "UKR"]
[EventCategory "4"]
[SourceTitle "CBM 115 Extra"]
[Source "ChessBase"]
[SourceDate "2007.01.10"]
[SourceVersion "1"]
[SourceVersionDate "2007.01.10"]
[SourceQuality "1"]

1. e4 g6 2. d4 Bg7 3. Nc3 d6 4. h3 Nf6 5. Nf3 0-0 6. Be3 a6 7. a4 Nc6 8. Bc4 e6 9. Bb3 Ne7 10. 0-0 b6 11. Bf4 Bb7 12. Re1 d5 13. exd5 Nexd5 14. Nxd5 Nxd5 15. Bg3 Rc8 16. c3 c5 17. dxc5 bxc5 18. Qe2 Qb6 19. Bc4 Qc6 20. a5 Rfd8 1/2-1/2

[Event "UKR-ch (Women) 75th"]
[Site "Odessa"]
[Date "2006.11.28"]
[Round "3"]
[White "Vozovic, Oksana"]
[Black "Zhukova, Natalia"]
[Result "1-0"]
[WhiteElo "2352"]
[BlackElo "2456"]
[PlyCount "83"]
[EventDate "2006.11.24"]
[EventType "tourn"]
[EventRounds "11"]
[EventCountry "UKR"]
[EventCategory "4"]
[SourceTitle "CBM 115 Extra"]
[Source "ChessBase"]
[SourceDate "2007.01.10"]
[SourceVersion "1"]
[SourceVersionDate "2007.01.10"]
[SourceQuality "1"]

1. Nf3 d5 2. g3 c5 3. c4 Nf6 4. cxd5 Nxd5 5. Bg2 Nc6 6. Nc3 Nc7 7. 0-0 e5 8. a3 f6 9. Rb1 a5 10. d3 Be7 11. b3 0-0 12. Bb2 Be6 13. Nd2 Qd7 14. Nc4 Ra6 15. a4 Bh3 16. Nb5 Bxg2 17. Kxg2 Ne6 18. f4 exf4 19. gxf4 f5 20. e4 fxe4 21. f5 Ned4 22. dxe4 Bf6 23. Qd3 Nb4 24. Qg3 Qc6 25. Nxd4 Bxd4 26. Qf3 Nc2 27. Rbc1 Bxb2 28. Rxc2 Bd4 29. e5 Rxf5 30. Qxc6 Rg5+ 31. Kf3 Rxc6 32. Ke4 Rc8 33. Rf5 Rg1 34. Re2 g6 35. Rf6 Rg5 36. Kd5 Kg7 37. Nd6 Rd8 38. Rf7+ Kg8 39. Rxb7 Rg1 40. Kc6 Rf1 41. e6 Rf6 42. Re7 1-0

[Event "UKR-ch (Women) 75th"]
[Site "Odessa"]
[Date "2006.11.26"]
[Round "1"]
[White "Vozovic, Oksana"]
[Black "Zdebskaja, Natalia"]
[Result "1/2-1/2"]
[WhiteElo "2352"]
[BlackElo "2343"]
[PlyCount "54"]
[EventDate "2006.11.24"]
[EventType "tourn"]
[EventRounds "11"]
[EventCountry "UKR"]
[EventCategory "4"]
[SourceTitle "CBM 115 Extra"]
[Source "ChessBase"]
[SourceDate "2007.01.10"]
[SourceVersion "1"]
[SourceVersionDate "2007.01.10"]
[SourceQuality "1"]

1. d4 Nf6 2. Bg5 Ne4 3. Bf4 c5 4. f3 Qa5+ 5. c3 Nf6 6. d5 Qb6 7. b3 e6 8. e4 exd5 9. exd5 d6 10. Nd2 Be7 11. Nc4 Qc7 12. g4 0-0 13. Bd3 Nbd7 14. Ne2 b5 15. Ne3 Ne5 16. 0-0 Nxd3 17. Qxd3 c4 18. Qd2 Bb7 19. Nd4 Nxd5 20. Nxd5 Bxd5 21. Nxb5 Qc5+ 22. Nd4 cxb3 23. axb3 Bxb3 24. Be3 Qd5 25. Nf5 Bf6 26. Qxd5 Bxd5 27. Rxa7 Be6 1/2-1/2

[Event "Kharkov Femida (Women)"]
[Site "Kharkov"]
[Date "2006.11.06"]
[Round "9"]
[White "Burtasova, Anna"]
[Black "Vozovic, Oksana"]
[Result "1-0"]
[WhiteElo "2264"]
[BlackElo "2352"]
[PlyCount "107"]
[EventDate "2006.10.31"]
[EventType "tourn"]
[EventRounds "11"]
[EventCountry "UKR"]
[SourceTitle "EXT 2007"]
[Source "ChessBase"]
[SourceDate "2006.11.23"]
[SourceVersion "1"]
[SourceVersionDate "2006.11.23"]
[SourceQuality "1"]

1. e4 g6 2. d4 Bg7 3. Nc3 d5 4. exd5 Nf6 5. Bc4 Nbd7 6. Bg5 Nb6 7. Bxf6 Bxf6 8. Bb3 a5 9. a4 0-0 10. Nge2 Bg7 11. 0-0 c6 12. dxc6 bxc6 13. Ne4 Ba6 14. c3 e5 15. Nc5 Bxe2 16. Qxe2 exd4 17. Rad1 Qe8 18. Qf3 dxc3 19. Rfe1 c2 20. Bxc2 Qc8 21. Bb3 Ra7 22. Rd6 Rc7 23. h4 Re8 24. Rxe8+ Qxe8 25. Ne6 Rc8 26. Nxg7 Kxg7 27. Qf6+ Kg8 28. h5 Nd7 29. Bxf7+ Qxf7 30. Qxf7+ Kxf7 31. Rxd7+ Ke6 32. Rxh7 gxh5 33. Rxh5 Rb8 34. Rxa5 Rxb2 35. Ra8 Kd7 36. a5 Ra2 37. g4 c5 38. g5 c4 39. g6 c3 40. g7 c2 41. Rd8+ Ke7 42. Rc8 c1Q+ 43. Rxc1 Kf7 44. Rc7+ Kg8 45. Ra7 Kh7 46. Kg2 Ra3 47. f3 Ra2+ 48. Kg3 Ra4 49. f4 Ra3+ 50. Kg4 Ra4 51. Kg5 Kg8 52. f5 Ra1 53. Kf6 Kh7 54. Ra8 1-0

[Event "Kharkov Femida (Women)"]
[Site "Kharkov"]
[Date "2006.11.04"]
[Round "6"]
[White "Vozovic, Oksana"]
[Black "Chistiakova, Tamara"]
[Result "1/2-1/2"]
[WhiteElo "2352"]
[BlackElo "2314"]
[PlyCount "116"]
[EventDate "2006.10.31"]
[EventType "tourn"]
[EventRounds "11"]
[EventCountry "UKR"]
[SourceTitle "EXT 2007"]
[Source "ChessBase"]
[SourceDate "2006.11.23"]
[SourceVersion "1"]
[SourceVersionDate "2006.11.23"]
[SourceQuality "1"]

1. Nf3 d5 2. g3 Nf6 3. Bg2 c6 4. 0-0 Bf5 5. b3 e6 6. Bb2 h6 7. d3 Be7 8. Nbd2 0-0 9. Qe1 a5 10. e4 Bh7 11. a3 c5 12. Ne5 a4 13. f4 axb3 14. cxb3 Nbd7 15. Kh1 Re8 16. Rd1 Qb6 17. g4 c4 18. g5 hxg5 19. fxg5 Nxe5 20. gxf6 Nxd3 21. Qg3 Bg6 22. fxe7 Nxb2 23. Rb1 Rxa3 24. Rxb2 Qd4 25. Rc2 cxb3 26. Nxb3 Qb4 27. Rc3 Bxe4 28. Rg1 Bg6 29. Rgc1 Qxe7 30. Rc8 Qd7 31. Rxe8+ Qxe8 32. Qc3 Qb5 33. Qc8+ Kh7 34. Nc5 Qb2 35. Rg1 Qc3 36. Qf8 Ra2 37. Qe7 Qd4 38. Nb3 Qc4 39. Qxb7 Rxg2 40. Kxg2 Qe2+ 41. Kg3 Qe3+ 42. Kg2 Qg5+ 43. Kf2 Qf4+ 44. Ke1 Qe3+ 45. Kf1 Bf5 46. Qxf7 Qf4+ 47. Ke1 Qe4+ 48. Kd2 Qc2+ 49. Ke1 Qc3+ 50. Kf2 Qc2+ 51. Ke1 Qe4+ 52. Kd2 Qf4+ 53. Ke1 Qe3+ 54. Kf1 Bh3+ 55. Rg2 Qd3+ 56. Ke1 Qb1+ 57. Kd2 Qb2+ 58. Ke1 Qxg2 1/2-1/2

[Event "Pardubice op-A"]
[Site "Pardubice"]
[Date "2006.07.24"]
[Round "4"]
[White "Vozovic, Oksana"]
[Black "Arzumanian, Georgy"]
[Result "0-1"]
[WhiteElo "2356"]
[BlackElo "2446"]
[PlyCount "94"]
[EventDate "2006.07.21"]
[EventType "swiss"]
[EventRounds "9"]
[EventCountry "CZE"]
[SourceTitle "CBM 113 Extra"]
[Source "ChessBase"]
[SourceDate "2006.09.14"]
[SourceVersion "1"]
[SourceVersionDate "2006.09.14"]
[SourceQuality "1"]

1. e4 c5 2. Nf3 Nc6 3. d4 cxd4 4. Nxd4 Qb6 5. Nb3 Nf6 6. Nc3 e6 7. a3 Qc7 8. Be3 a6 9. Be2 b5 10. f4 d6 11. 0-0 Be7 12. Kh1 0-0 13. Qe1 Rb8 14. Qg3 b4 15. axb4 Nxb4 16. Nd4 Kh8 17. e5 Nfd5 18. Nxd5 Nxd5 19. Bc1 f6 20. exd6 Bxd6 21. Qh4 f5 22. c3 Rb6 23. Ra4 Qd7 24. Bd1 Be7 25. Qe1 Qe8 26. Qe2 Bf6 27. Nf3 Bd7 28. Ra3 Qb8 29. Qf2 Rc8 30. Re1 Be7 31. Ra1 Nf6 32. Ne5 Be8 33. Ba4 Bxa4 34. Rxa4 Qc7 35. Qe2 Ne4 36. Rxe4 fxe4 37. Qxe4 Kg8 38. Be3 Rbb8 39. f5 Qb7 40. Qg4 Bf6 41. Bd4 exf5 42. Qxf5 Re8 43. b4 Qc7 44. Re3 Rb5 45. Rh3 Rbxe5 46. Qxh7+ Kf7 47. Bxe5 Qxe5 0-1

[Event "Pardubice op-A"]
[Site "Pardubice"]
[Date "2006.07.22"]
[Round "2"]
[White "Vozovic, Oksana"]
[Black "Zinchenko, Yaroslav"]
[Result "0-1"]
[WhiteElo "2356"]
[BlackElo "2485"]
[PlyCount "66"]
[EventDate "2006.07.21"]
[EventType "swiss"]
[EventRounds "9"]
[EventCountry "CZE"]
[SourceTitle "CBM 113 Extra"]
[Source "ChessBase"]
[SourceDate "2006.09.14"]
[SourceVersion "1"]
[SourceVersionDate "2006.09.14"]
[SourceQuality "1"]

1. g3 d5 2. Bg2 c6 3. b3 Bg4 4. Bb2 Nd7 5. d3 e6 6. Nd2 Ngf6 7. h3 Bh5 8. g4 Bg6 9. e3 h6 10. f4 Bc5 11. Qe2 Qb6 12. Kf2 Qc7 13. Ngf3 0-0-0 14. Rhc1 h5 15. g5 Ne8 16. c4 f6 17. d4 Be7 18. gxf6 gxf6 19. cxd5 exd5 20. Nh4 Bf7 21. Rg1 Nd6 22. Bf3 f5 23. Ng6 Bxg6 24. Rxg6 Bh4+ 25. Kg1 Nf6 26. Kh1 Qf7 27. Rg2 Rde8 28. Rag1 Qe6 29. Nf1 Ng4 30. Bc1 Ne4 31. Bxe4 Qxe4 32. hxg4 hxg4 33. Nh2 Bg3 0-1

[Event "Evpatoria tt U20 Girls"]
[Site "Evpatoria"]
[Date "2006.05.08"]
[Round "7"]
[White "Vozovic, Oksana"]
[Black "Zdebskaja, Natalia"]
[Result "1/2-1/2"]
[WhiteElo "2327"]
[BlackElo "2332"]
[PlyCount "20"]
[EventDate "2006.05.05"]
[EventType "team"]
[EventRounds "7"]
[EventCountry "UKR"]
[SourceTitle "CBM 112 Extra"]
[Source "ChessBase"]
[SourceDate "2006.07.14"]
[SourceVersion "1"]
[SourceVersionDate "2006.07.14"]
[SourceQuality "1"]

1. g3 g6 2. Bg2 Bg7 3. Nf3 Nf6 4. 0-0 0-0 5. d4 d5 6. Re1 c6 7. Nbd2 Ne4 8. c3 Nxd2 9. Bxd2 Bg4 10. Qb3 Qb6 1/2-1/2